<?xml version="1.0" encoding="UTF-8"?>
<record
    xmlns:xsi="http://www.w3.org/2001/XMLSchema-instance"
    xsi:schemaLocation="http://www.loc.gov/MARC21/slim http://www.loc.gov/standards/marcxml/schema/MARC21slim.xsd"
    xmlns="http://www.loc.gov/MARC21/slim">

  <leader>01233nam a2200205Ia 4500</leader>
  <datafield tag="952" ind1=" " ind2=" ">
    <subfield code="0">0</subfield>
    <subfield code="1">0</subfield>
    <subfield code="4">0</subfield>
    <subfield code="7">0</subfield>
    <subfield code="a">04</subfield>
    <subfield code="b">04</subfield>
    <subfield code="d">2012-01-12</subfield>
    <subfield code="l">8</subfield>
    <subfield code="o">LA421.4 G65</subfield>
    <subfield code="p">04 003848</subfield>
    <subfield code="r">2017-09-27</subfield>
    <subfield code="s">2017-09-27</subfield>
    <subfield code="t">1</subfield>
    <subfield code="w">2012-06-24</subfield>
    <subfield code="y">LB</subfield>
  </datafield>
  <datafield tag="999" ind1=" " ind2=" ">
    <subfield code="c">63027</subfield>
    <subfield code="d">63027</subfield>
  </datafield>
  <controlfield tag="008">120625s19902008mx            000 0 esp d</controlfield>
  <datafield tag="020" ind1=" " ind2=" ">
    <subfield code="a">9681204417</subfield>
  </datafield>
  <datafield tag="050" ind1="1" ind2="4">
    <subfield code="a">LA421.4</subfield>
    <subfield code="b">G65</subfield>
  </datafield>
  <datafield tag="100" ind1="1" ind2=" ">
    <subfield code="a">Gonzalbo Aizpuru, Pilar, 1935-</subfield>
    <subfield code="e">autora</subfield>
  </datafield>
  <datafield tag="245" ind1="1" ind2="0">
    <subfield code="a">Historia de la educaci&#xF3;n en la &#xE9;poca colonial </subfield>
    <subfield code="b">: El mundo ind&#xED;gena </subfield>
    <subfield code="c">/ Pilar Gonzalbo Aizpuru</subfield>
  </datafield>
  <datafield tag="260" ind1=" " ind2=" ">
    <subfield code="a">M&#xE9;xico </subfield>
    <subfield code="b">: Colegio de M&#xE9;xico</subfield>
    <subfield code="b">: Centro de Estudios Hist&#xF3;ricos</subfield>
    <subfield code="c">1990</subfield>
  </datafield>
  <datafield tag="300" ind1=" " ind2=" ">
    <subfield code="a">274 p&#xE1;ginas</subfield>
    <subfield code="c">; 22 cm</subfield>
  </datafield>
  <datafield tag="490" ind1=" " ind2=" ">
    <subfield code="a">Serie historia de la educaci&#xF3;n</subfield>
  </datafield>
  <datafield tag="500" ind1=" " ind2=" ">
    <subfield code="a">Incluye:
Bibliograf&#xED;a (pp. 247 - 264)
&#xCD;ndice onom&#xE1;stico (pp. 265 - 274)</subfield>
  </datafield>
  <datafield tag="505" ind1="1" ind2=" ">
    <subfield code="a">Mundo ind&#xED;gena
Sistema colonial
Sumisi&#xF3;n y trabajo
Comunicaci&#xF3;n
Segregaci&#xF3;n 
Misi&#xF3;n docente de la Iglesia novohispana
Los estudios para indios en el colegio de Tlatelolco Analfabetos y letrados 
Nuevos colegios para caciques 
La educaci&#xF3;n lejos de los centros urbanos
Una presencia indeseada: Los mestizos en La Nueva Espa&#xF1;a
La educaci&#xF3;n sin escuelas
Educaci&#xF3;n y orden colonial</subfield>
  </datafield>
  <datafield tag="519" ind1=" " ind2=" ">
    <subfield code="a">Plan Flexible /</subfield>
    <subfield code="b">Pedagog&#xED;a /</subfield>
    <subfield code="c">Historia De La Educaci&#xF3;n Mexicana I (B13) /</subfield>
    <subfield code="d">(04 003848)</subfield>
  </datafield>
  <datafield tag="650" ind1="1" ind2="0">
    <subfield code="a">HISTORIA DE LA EDUCACI&#xD3;N</subfield>
    <subfield code="z">M&#xC9;XICO</subfield>
  </datafield>
  <datafield tag="650" ind1="2" ind2="0">
    <subfield code="a">EDUCACI&#xD3;N</subfield>
    <subfield code="x">&#xC9;POCA COLONIAL</subfield>
    <subfield code="z">M&#xC9;XICO</subfield>
  </datafield>
  <datafield tag="942" ind1=" " ind2=" ">
    <subfield code="2">lcc</subfield>
    <subfield code="c">LB</subfield>
  </datafield>
</record>
